| 000 | 00508nam a2200181Ia 4500 | ||
|---|---|---|---|
| 005 | 20140404084300.0 | ||
| 008 | 140130s9999 xx 000 0 und d | ||
| 020 | _a0590634275 | ||
| 050 |
_aPZ 7 _b.P63123At 1999 |
||
| 245 |
_cDav Pilkey. _aCaptain Underpants and the attack of the talking toilets : _bthe second epic novel / |
||
| 260 |
_bScholastic, _c1999. _aUSA : |
||
| 300 |
_a131 p. : _bill. ; _c20 cm. |
||
| 440 |
_v1 _931174 |
||
| 521 | _aG5 | ||
| 526 | _c780 | ||
| 942 |
_cBK _2lcc |
||
| 999 |
_c41115 _d41115 |
||